[Event "imp"]
[Site "?"]
[Date "2015.03.29"]
[Round "6.8"]
[White "Krysztofiak, Marcin"]
[Black "Sieciechowicz, Marcin"]
[Result "0-1"]
[LiveChessVersion "1.4.4"]
[BlackElo "2447"]
[WhiteElo "2410"]

1. Nf3 {[%clk 1:30:56]} Nf6 {[%clk 1:30:43]} 2. c4 {[%clk 1:31:11]} g6
{[%clk 1:31:04]} 3. b3 {[%clk 1:31:12]} Bg7 {[%clk 1:31:15]} 4. Bb2
{[%clk 1:31:30]} O-O {[%clk 1:31:27]} 5. g3 {[%clk 1:31:31]} d6 {[%clk 1:31:42]}
6. Bg2 {[%clk 1:30:37]} c6 {[%clk 1:27:02]} 7. O-O {[%clk 1:30:08]} Qa5
{[%clk 1:27:19]} 8. d3 {[%clk 1:19:53]} Qh5 {[%clk 1:27:01]} 9. Nbd2
{[%clk 1:16:19]} Bh3 {[%clk 1:24:59]} 10. e3 {[%clk 1:09:57]} Nbd7
{[%clk 1:23:21]} 11. Nh4 {[%clk 1:05:05]} Bxg2 {[%clk 1:19:54]} 12. Qxh5
{[%clk 0:59:11]} Nxh5 {[%clk 1:17:45]} 13. Bxg7 {[%clk 0:59:35]} Bxf1
{[%clk 1:16:24]} 14. Bxf8 {[%clk 1:00:00]} Kxf8 {[%clk 1:16:10]} 15. Kxf1
{[%clk 1:00:01]} e5 {[%clk 1:16:11]} 16. d4 {[%clk 0:54:43]} Ng7 {[%clk 1:13:12]}
17. Ne4 {[%clk 0:40:49]} Ke7 {[%clk 1:13:11]} 18. dxe5 {[%clk 0:40:12]} dxe5
{[%clk 1:13:06]} 19. Rd1 {[%clk 0:40:29]} Ne8 {[%clk 1:06:13]} 20. f4
{[%clk 0:25:10]} Ndf6 {[%clk 1:04:03]} 21. Nxf6 {[%clk 0:23:51]} Nxf6
{[%clk 1:03:33]} 22. Nf3 {[%clk 0:23:11]} Ng4 {[%clk 0:57:28]} 23. Ke2
{[%clk 0:23:11]} e4 {[%clk 0:54:07]} 24. Ne5 {[%clk 0:20:26]} Nxe5
{[%clk 0:53:47]} 25. fxe5 {[%clk 0:20:52]} c5 {[%clk 0:52:12]} 26. Rf1
{[%clk 0:12:57]} a5 {[%clk 0:45:31]} 27. Rf4 {[%clk 0:12:41]} a4 {[%clk 0:44:38]}
28. Rxe4 {[%clk 0:13:07]} axb3 {[%clk 0:44:09]} 29. axb3 {[%clk 0:13:33]} Ra2+
{[%clk 0:38:45]} 30. Kf3 {[%clk 0:09:19]} Rxh2 {[%clk 0:36:40]} 31. Rf4
{[%clk 0:09:30]} Rb2 {[%clk 0:35:52]} 32. Ke4 {[%clk 0:09:01]} Rxb3
{[%clk 0:36:00]} 33. Rf3 {[%clk 0:09:27]} b5 {[%clk 0:29:16]} 34. Kd5
{[%clk 0:08:23]} Rb4 {[%clk 0:28:48]} 35. Kxc5 {[%clk 0:07:57]} Rxc4+
{[%clk 0:29:10]} 36. Kxb5 {[%clk 0:08:23]} Rg4 {[%clk 0:27:56]} 37. Kc5
{[%clk 0:03:42]} Ke6 {[%clk 0:27:11]} 38. Rf6+ {[%clk 0:03:30]} Kxe5
{[%clk 0:27:20]} 39. Rxf7 {[%clk 0:03:56]} h5 {[%clk 0:26:19]} 40. Re7+
{[%clk 0:32:45]} Kf6 {[%clk 0:56:23]} 41. Re8 {[%clk 0:33:07]} Rxg3
{[%clk 0:55:48]} 42. Kd4 {[%clk 0:33:06]} h4 {[%clk 0:53:22]} 43. e4
{[%clk 0:33:14]} Kg5 {[%clk 0:48:26]} 44. e5 {[%clk 0:33:28]} h3 {[%clk 0:45:40]}
45. Rh8 {[%clk 0:33:28]} Kf5 {[%clk 0:40:27]} 46. Rf8+ {[%clk 0:33:24]} Ke6
{[%clk 0:40:32]} 47. Re8+ {[%clk 0:33:07]} Kf7 {[%clk 0:39:08]} 48. Rh8
{[%clk 0:33:32]} Ke6 {[%clk 0:34:52]} 49. Ke4 {[%clk 0:30:06]} g5
{[%clk 0:33:26]} 50. Rh6+ {[%clk 0:28:12]} Ke7 {[%clk 0:31:37]} 51. Kf5
{[%clk 0:27:21]} g4 {[%clk 0:31:09]} 52. Rh7+ {[%clk 0:27:42]} Kd8 53. e6
{[%clk 0:20:17]} Rg1 {[%clk 0:27:12]} 54. Rh8+ {[%clk 0:13:56]} Ke7
{[%clk 0:26:38]} 55. Rh7+ {[%clk 0:14:22]} Kd6 {[%clk 0:26:39]} 56. Rd7+
{[%clk 0:06:48]} Kc6 {[%clk 0:26:26]} 57. Rd8 {[%clk 0:02:30]} g3
{[%clk 0:21:55]} 58. Kg4 {[%clk 0:01:47]} h2 {[%clk 0:21:30]} 59. e7
{[%clk 0:01:40]} Re1 {[%clk 0:21:49]} 60. Kxg3 {[%clk 0:01:17]} h1=Q
{[%clk 0:22:07]} 61. e8=Q+ {[%clk 0:01:41]} Rxe8 {[%clk 0:22:35]} 62. Rxe8
{[%clk 0:02:03]} Qg1+ {[%clk 0:22:09]} 63. Kf4 {[%clk 0:02:13]} Qf2+
{[%clk 0:21:23]} 64. Kg5 {[%clk 0:02:29]} Qg3+ {[%clk 0:21:38]} 65. Kf6
{[%clk 0:02:38]} Qf4+ {[%clk 0:21:51]} 66. Kg6 {[%clk 0:02:27]} Kd7
{[%clk 0:22:09]} 67. Rh8 {[%clk 0:02:08]} Qg4+ {[%clk 0:22:18]} 68. Kf7
{[%clk 0:02:05]} Qf5+ {[%clk 0:22:25]} 69. Kg7 {[%clk 0:02:29]} Ke7
{[%clk 0:19:57]} 70. Rg8 {[%clk 0:02:01]} Qh5 {[%clk 0:19:13]} 71. Rh8
{[%clk 0:01:34]} Qg5+ {[%clk 0:19:31]} 72. Kh7 {[%clk 0:01:59]} Kf7
{[%clk 0:19:49]} 0-1

[Event "imp"]
[Site "?"]
[Date "2015.03.29"]
[Round "6.9"]
[White "Mista, Aleksander"]
[Black "Skawinski, Arkadiusz"]
[Result "1-0"]
[LiveChessVersion "1.4.4"]
[BlackElo "2388"]
[WhiteElo "2597"]

1. e4 {[%clk 1:30:57]} e6 {[%clk 1:30:57]} 2. d4 {[%clk 1:31:24]} d5
{[%clk 1:31:24]} 3. Nd2 {[%clk 1:31:51]} h6 {[%clk 1:31:50]} 4. Ngf3
{[%clk 1:27:19]} Nf6 {[%clk 1:32:15]} 5. Bd3 {[%clk 1:26:41]} c5 {[%clk 1:32:28]}
6. exd5 {[%clk 1:23:14]} exd5 {[%clk 1:32:41]} 7. O-O {[%clk 1:21:30]} c4
{[%clk 1:33:09]} 8. Re1+ {[%clk 1:21:52]} Be7 {[%clk 1:33:35]} 9. Bf1
{[%clk 1:22:03]} Nc6 {[%clk 1:33:48]} 10. c3 {[%clk 1:16:48]} O-O
{[%clk 1:34:14]} 11. Ne5 {[%clk 1:16:19]} Qc7 {[%clk 1:33:52]} 12. Ndf3
{[%clk 1:16:16]} Bf5 {[%clk 1:33:56]} 13. b3 {[%clk 1:12:06]} cxb3
{[%clk 1:33:47]} 14. axb3 {[%clk 1:12:32]} Ne4 {[%clk 1:25:02]} 15. Bb2
{[%clk 1:07:32]} Rfe8 {[%clk 1:16:43]} 16. c4 {[%clk 1:05:31]} Bb4
{[%clk 0:57:59]} 17. Re3 {[%clk 1:04:37]} Rad8 {[%clk 0:53:36]} 18. Nxc6
{[%clk 0:40:53]} bxc6 {[%clk 0:52:09]} 19. c5 {[%clk 0:41:11]} a5
{[%clk 0:50:50]} 20. Bd3 {[%clk 0:39:14]} Qf4 {[%clk 0:47:34]} 21. Qc2
{[%clk 0:33:46]} f6 22. g3 Qg4 23. Nh4 Qh5 24. Nxf5 Qxf5 25. f3 Qg5 26. Bc1 Nd2
27. f4 Rxe3 28. fxg5 Nf3+ 29. Kf2 1-0

[Event "imp"]
[Site "?"]
[Date "2015.03.29"]
[Round "6.10"]
[White "Maksimenko, Andrei"]
[Black "Grabarczyk, Miroslaw"]
[Result "1/2-1/2"]
[LiveChessVersion "1.4.4"]
[BlackElo "2433"]
[WhiteElo "2495"]

1. c4 {[%clk 1:30:51]} e6 {[%clk 1:30:51]} 2. Nf3 {[%clk 1:31:12]} d5
{[%clk 1:31:11]} 3. g3 {[%clk 1:31:38]} Nf6 {[%clk 1:31:17]} 4. Bg2
{[%clk 1:32:06]} c5 {[%clk 1:28:53]} 5. d4 {[%clk 1:32:18]} dxc4 {[%clk 1:28:08]}
6. O-O {[%clk 1:32:38]} Nbd7 {[%clk 1:23:41]} 7. Na3 {[%clk 1:24:46]} Nb6
{[%clk 1:03:19]} 8. Nxc4 {[%clk 1:00:50]} Nxc4 {[%clk 0:48:14]} 9. Qa4+
{[%clk 1:01:13]} Bd7 {[%clk 0:48:35]} 10. Qxc4 {[%clk 1:01:40]} Qb6
{[%clk 0:45:17]} 11. dxc5 {[%clk 0:31:43]} Bxc5 {[%clk 0:43:54]} 12. b4
{[%clk 0:31:10]} Qxb4 {[%clk 0:36:51]} 13. Qxb4 {[%clk 0:31:36]} Bxb4
{[%clk 0:37:11]} 14. Rb1 {[%clk 0:32:03]} Bd6 {[%clk 0:36:03]} 15. Nd4
{[%clk 0:28:28]} O-O {[%clk 0:27:32]} 16. Rxb7 {[%clk 0:27:09]} Rab8
{[%clk 0:27:12]} 17. Bg5 {[%clk 0:24:42]} Rxb7 {[%clk 0:24:05]} 18. Bxb7
{[%clk 0:25:10]} Rb8 {[%clk 0:23:55]} 19. Bc6 {[%clk 0:25:19]} Be5
{[%clk 0:20:52]} 20. Bxd7 {[%clk 0:24:13]} Bxd4 {[%clk 0:20:55]} 21. Rd1
{[%clk 0:19:31]} h6 {[%clk 0:14:16]} 22. Rxd4 {[%clk 0:10:20]} hxg5
{[%clk 0:14:38]} 23. Bc6 {[%clk 0:10:23]} Rc8 {[%clk 0:08:30]} 24. Bb5
{[%clk 0:08:37]} Kf8 {[%clk 0:08:22]} 25. Ra4 {[%clk 0:07:54]} Rc5
{[%clk 0:08:15]} 26. Bd3 {[%clk 0:04:58]} a5 {[%clk 0:08:36]} 27. h4
{[%clk 0:05:18]} g4 {[%clk 0:04:47]} 28. Kf1 {[%clk 0:04:07]} Rc1+
{[%clk 0:04:45]} 29. Kg2 {[%clk 0:04:36]} Rc5 {[%clk 0:05:08]} 30. Kf1
{[%clk 0:04:53]} Rc1+ {[%clk 0:05:31]} 31. Kg2 {[%clk 0:05:21]} Rc5
{[%clk 0:05:53]} 32. f3 {[%clk 0:05:30]} gxf3+ {[%clk 0:06:07]} 33. Kxf3
{[%clk 0:05:33]} Nd5 {[%clk 0:03:24]} 34. g4 {[%clk 0:04:46]} Ke7
{[%clk 0:03:42]} 35. g5 {[%clk 0:04:14]} g6 {[%clk 0:03:57]} 36. Rc4
{[%clk 0:02:49]} Kd6 {[%clk 0:04:03]} 37. Rd4 {[%clk 0:02:25]} Ke5
{[%clk 0:03:27]} 38. Re4+ {[%clk 0:02:49]} Kd6 {[%clk 0:03:52]} 39. Rd4
{[%clk 0:03:00]} Ke7 {[%clk 0:03:41]} 40. Rc4 {[%clk 0:32:38]} Kd6
{[%clk 0:31:14]} 1/2-1/2

[Event "imp"]
[Site "?"]
[Date "2015.03.29"]
[Round "6.11"]
[White "Przybylski, Wojciech"]
[Black "Matuszewski, Michal"]
[Result "0-1"]
[LiveChessVersion "1.4.4"]
[BlackElo "2463"]
[WhiteElo "2378"]

1. e4 {[%clk 1:30:56]} c5 {[%clk 1:30:39]} 2. Nf3 {[%clk 1:31:19]} a6
{[%clk 1:30:51]} 3. c4 {[%clk 1:31:40]} Nc6 {[%clk 1:31:07]} 4. d4
{[%clk 1:30:08]} cxd4 {[%clk 1:31:28]} 5. Nxd4 {[%clk 1:30:31]} e5
{[%clk 1:31:54]} 6. Nf5 {[%clk 1:29:08]} d5 {[%clk 1:31:09]} 7. cxd5
{[%clk 1:27:56]} Bxf5 {[%clk 1:31:28]} 8. exf5 {[%clk 1:27:00]} Nd4
{[%clk 1:31:53]} 9. Nc3 {[%clk 1:26:32]} Bb4 {[%clk 1:17:11]} 10. Bd3
{[%clk 1:24:19]} Qxd5 {[%clk 1:06:10]} 11. O-O {[%clk 1:17:52]} Qd7
{[%clk 1:04:27]} 12. Re1 {[%clk 1:05:05]} O-O-O {[%clk 1:02:03]} 13. Rxe5
{[%clk 0:50:59]} Nf6 {[%clk 0:58:53]} 14. Bf4 {[%clk 0:43:39]} Nc6
{[%clk 0:55:41]} 15. Na4 {[%clk 0:30:08]} Qd4 {[%clk 0:50:16]} 16. Qc1
{[%clk 0:01:46]} Bd6 {[%clk 0:47:10]} 17. Bxa6 {[%clk 0:01:17]} Qxa4
{[%clk 0:45:53]} 18. Bb5 {[%clk 0:01:24]} Qa5 {[%clk 0:44:00]} 19. a4
{[%clk 0:00:31]} Qc7 {[%clk 0:42:50]} 20. Bxc6 {[%clk 0:00:36]} Bxe5
{[%clk 0:42:23]} 21. Bxe5 {[%clk 0:00:34]} Qxe5 {[%clk 0:42:24]} 22. Qf1
{[%clk 0:00:32]} bxc6 {[%clk 0:42:21]} 0-1

[Event "imp"]
[Site "?"]
[Date "2015.03.30"]
[Round "7.1"]
[White "Tomczak, Jacek"]
[Black "Klekowski, Maciej"]
[Result "1/2-1/2"]
[LiveChessVersion "1.4.4"]
[BlackElo "2434"]
[WhiteElo "2554"]

1. e4 {[%clk 1:30:56]} c5 {[%clk 1:30:51]} 2. Nf3 {[%clk 1:31:22]} Nc6
{[%clk 1:31:08]} 3. d4 {[%clk 1:31:47]} cxd4 {[%clk 1:31:32]} 4. Nxd4
{[%clk 1:32:12]} Nf6 {[%clk 1:31:50]} 5. Nc3 {[%clk 1:32:36]} e5 {[%clk 1:32:08]}
6. Nde2 {[%clk 1:32:57]} Bc5 {[%clk 1:22:14]} 7. Ng3 {[%clk 1:33:11]} d6
{[%clk 1:21:11]} 8. Be2 {[%clk 1:32:59]} Bb4 {[%clk 1:03:59]} 9. Bd2
{[%clk 1:04:35]} d5 {[%clk 0:41:57]} 10. Nxd5 {[%clk 0:52:34]} Nxd5
{[%clk 0:41:40]} 11. exd5 {[%clk 0:52:59]} Qxd5 {[%clk 0:42:00]} 12. Bxb4
{[%clk 0:53:12]} Qxd1+ {[%clk 0:36:51]} 13. Rxd1 {[%clk 0:53:15]} Nxb4
{[%clk 0:37:17]} 14. c3 {[%clk 0:53:37]} Nc6 {[%clk 0:37:43]} 15. Bf3
{[%clk 0:53:08]} Be6 {[%clk 0:36:46]} 16. Ne4 {[%clk 0:51:04]} O-O
{[%clk 0:25:08]} 17. b3 {[%clk 0:39:58]} Rac8 {[%clk 0:22:21]} 18. Nc5
{[%clk 0:35:02]} Nd8 {[%clk 0:22:42]} 19. Nxe6 {[%clk 0:34:50]} Nxe6
{[%clk 0:23:08]} 20. c4 {[%clk 0:31:15]} b6 {[%clk 0:14:01]} 21. Rd2
{[%clk 0:23:00]} Rfd8 {[%clk 0:12:44]} 22. Bg4 {[%clk 0:22:00]} Rxd2
{[%clk 0:12:24]} 23. Kxd2 {[%clk 0:22:27]} Rd8+ {[%clk 0:12:50]} 24. Kc3
{[%clk 0:21:45]} Nc5 {[%clk 0:12:41]} 25. Bf3 {[%clk 0:20:38]} Rd3+
{[%clk 0:10:41]} 26. Kc2 {[%clk 0:15:39]} a5 {[%clk 0:09:34]} 27. Re1
{[%clk 0:11:58]} f6 {[%clk 0:09:57]} 28. Bd5+ {[%clk 0:11:41]} Kf8
{[%clk 0:10:21]} 29. g3 {[%clk 0:07:32]} Rd4 {[%clk 0:09:49]} 30. Rd1
{[%clk 0:03:28]} Rxd1 {[%clk 0:08:36]} 31. Kxd1 {[%clk 0:03:57]} Nd3
{[%clk 0:08:04]} 32. f3 {[%clk 0:03:58]} Nb4 {[%clk 0:08:30]} 33. Be4
{[%clk 0:04:23]} Nxa2 {[%clk 0:08:57]} 34. Bxh7 {[%clk 0:04:49]} Ke7
{[%clk 0:09:22]} 35. Kd2 {[%clk 0:04:20]} Kd6 {[%clk 0:09:15]} 36. Bb1
{[%clk 0:02:32]} Nb4 {[%clk 0:09:41]} 37. Be4 {[%clk 0:02:17]} Kc5
{[%clk 0:09:19]} 38. Kc3 {[%clk 0:02:38]} Na6 {[%clk 0:09:24]} 39. h4
{[%clk 0:01:49]} Nc7 {[%clk 0:09:48]} 40. Bd3 {[%clk 0:30:55]} Ne6
{[%clk 0:40:05]} 41. g4 {[%clk 0:11:13]} Nd4 {[%clk 0:37:48]} 42. Be4
{[%clk 0:11:39]} b5 {[%clk 0:37:21]} 43. cxb5 {[%clk 0:10:55]} Nxb5+
{[%clk 0:37:46]} 44. Kd3 {[%clk 0:10:35]} Kb4 {[%clk 0:18:41]} 45. Bd5
{[%clk 0:10:02]} Nd4 {[%clk 0:18:41]} 46. f4 {[%clk 0:09:28]} Kc5
{[%clk 0:19:06]} 47. Bg8 {[%clk 0:04:27]} exf4 {[%clk 0:19:07]} 48. h5
{[%clk 0:04:15]} f3 {[%clk 0:17:37]} 49. Ke3 {[%clk 0:04:40]} f2 {[%clk 0:17:58]}
50. Kxf2 {[%clk 0:05:02]} Kb4 {[%clk 0:18:26]} 51. Bf7 {[%clk 0:03:26]} Nxb3
{[%clk 0:18:50]} 52. Be8 {[%clk 0:03:54]} Kc5 {[%clk 0:09:41]} 53. Ba4
{[%clk 0:04:07]} Kb4 {[%clk 0:07:45]} 54. Be8 {[%clk 0:04:33]} Kc5
{[%clk 0:07:19]} 55. Ba4 {[%clk 0:05:00]} Nd4 {[%clk 0:07:40]} 56. Ke3
{[%clk 0:04:50]} Kd5 {[%clk 0:03:56]} 57. Kf4 {[%clk 0:05:15]} Kd6
{[%clk 0:02:54]} 58. Ke4 {[%clk 0:04:40]} Ne6 {[%clk 0:01:53]} 59. Kf5
{[%clk 0:04:35]} Ke7 {[%clk 0:01:41]} 60. Kg6 {[%clk 0:04:25]} Kf8
{[%clk 0:01:14]} 61. h6 {[%clk 0:04:27]} 1/2-1/2

[Event "imp"]
[Site "?"]
[Date "2015.03.30"]
[Round "7.2"]
[White "Gajewski, Grzegorz"]
[Black "Swiercz, Dariusz"]
[Result "1/2-1/2"]
[LiveChessVersion "1.4.4"]
[BlackElo "2622"]
[WhiteElo "2648"]

1. d4 {[%clk 1:30:58]} Nf6 {[%clk 1:30:50]} 2. c4 {[%clk 1:31:22]} g6
{[%clk 1:31:17]} 3. Nc3 {[%clk 1:31:42]} d5 {[%clk 1:31:43]} 4. Nf3
{[%clk 1:32:07]} Bg7 {[%clk 1:32:08]} 5. Qb3 {[%clk 1:32:32]} dxc4
{[%clk 1:32:32]} 6. Qxc4 {[%clk 1:32:58]} O-O {[%clk 1:32:46]} 7. e4
{[%clk 1:33:23]} a6 {[%clk 1:33:03]} 8. e5 {[%clk 1:33:38]} b5 {[%clk 1:32:33]}
9. Qb3 {[%clk 1:34:00]} Nfd7 {[%clk 1:32:59]} 10. Ng5 {[%clk 1:34:16]} Nc6
{[%clk 1:26:14]} 11. Be3 {[%clk 1:34:27]} Na5 {[%clk 1:24:53]} 12. Qd1
{[%clk 1:34:25]} h6 {[%clk 1:24:23]} 13. Nxf7 {[%clk 1:34:29]} Rxf7
{[%clk 1:24:46]} 14. e6 {[%clk 1:34:55]} Rf8 {[%clk 1:24:46]} 15. exd7
{[%clk 1:35:20]} Bxd7 {[%clk 1:24:59]} 16. Qd2 {[%clk 1:35:45]} Bf5
{[%clk 1:10:13]} 17. Bxh6 {[%clk 1:35:14]} Bxh6 {[%clk 1:00:40]} 18. Qxh6
{[%clk 1:34:48]} Qxd4 {[%clk 1:01:06]} 19. Rd1 {[%clk 1:34:47]} Qe5+
{[%clk 1:00:22]} 20. Be2 {[%clk 1:26:44]} Rad8 {[%clk 0:56:00]} 21. Rxd8
{[%clk 1:02:18]} Rxd8 {[%clk 0:56:23]} 22. g4 {[%clk 1:02:40]} Bc2
{[%clk 0:19:18]} 23. O-O {[%clk 1:02:30]} b4 {[%clk 0:19:34]} 24. Rc1
{[%clk 1:02:53]} bxc3 {[%clk 0:16:06]} 25. Rxc2 {[%clk 1:03:13]} cxb2
{[%clk 0:16:32]} 26. Qxg6+ {[%clk 1:03:37]} Kf8 {[%clk 0:15:42]} 27. Qh6+
{[%clk 1:04:01]} Kg8 {[%clk 0:15:33]} 28. Qg6+ {[%clk 1:04:25]} Kf8
{[%clk 0:16:00]} 29. Qh6+ {[%clk 1:04:48]} Kg8 {[%clk 0:16:18]} 30. Qg6+
{[%clk 1:05:14]} Kf8 {[%clk 0:16:44]} 1/2-1/2

[Event "imp"]
[Site "?"]
[Date "2015.03.30"]
[Round "7.3"]
[White "Duda, Jan-krzysztof"]
[Black "Piorun, Kacper"]
[Result "1-0"]
[LiveChessVersion "1.4.4"]
[BlackElo "2528"]
[WhiteElo "2597"]

1. e4 {[%clk 1:30:55]} e6 {[%clk 1:30:51]} 2. d4 {[%clk 1:31:17]} d5
{[%clk 1:31:14]} 3. Nc3 {[%clk 1:31:21]} Bb4 {[%clk 1:31:37]} 4. e5
{[%clk 1:31:37]} c5 {[%clk 1:31:50]} 5. a3 {[%clk 1:32:01]} Ba5 {[%clk 1:32:16]}
6. b4 {[%clk 1:30:55]} cxd4 {[%clk 1:31:58]} 7. Nb5 {[%clk 1:30:55]} Bc7
{[%clk 1:32:18]} 8. f4 {[%clk 1:29:28]} Bd7 {[%clk 1:32:28]} 9. Nxd4
{[%clk 1:23:09]} Ne7 {[%clk 1:30:04]} 10. Ngf3 {[%clk 1:22:36]} a6
{[%clk 1:22:08]} 11. Be3 {[%clk 1:16:19]} Nbc6 {[%clk 1:19:00]} 12. Bd3
{[%clk 1:10:43]} Bb6 {[%clk 1:12:52]} 13. Qe2 {[%clk 1:08:06]} Nxd4
{[%clk 0:55:40]} 14. Nxd4 {[%clk 1:06:42]} Nc6 {[%clk 0:54:43]} 15. Nf3
{[%clk 1:01:14]} f6 {[%clk 0:48:06]} 16. exf6 {[%clk 0:48:22]} Qxf6
{[%clk 0:47:42]} 17. O-O {[%clk 0:48:37]} Bxe3+ {[%clk 0:42:58]} 18. Qxe3
{[%clk 0:48:58]} O-O {[%clk 0:43:15]} 19. g3 {[%clk 0:45:35]} Rac8
{[%clk 0:30:30]} 20. Rae1 {[%clk 0:44:44]} h6 {[%clk 0:27:00]} 21. Rf2
{[%clk 0:42:47]} g5 {[%clk 0:19:33]} 22. fxg5 {[%clk 0:36:30]} hxg5
{[%clk 0:19:56]} 23. Nxg5 {[%clk 0:35:54]} Qxf2+ {[%clk 0:20:20]} 24. Qxf2
{[%clk 0:36:14]} Rxf2 {[%clk 0:20:47]} 25. Kxf2 {[%clk 0:36:19]} Nd4
{[%clk 0:21:09]} 26. Re3 {[%clk 0:26:40]} Kg7 {[%clk 0:18:55]} 27. h4
{[%clk 0:21:23]} Kf6 {[%clk 0:18:36]} 28. g4 {[%clk 0:19:56]} Rc3
{[%clk 0:11:49]} 29. Bh7 {[%clk 0:14:10]} Rxe3 {[%clk 0:07:28]} 30. Kxe3
{[%clk 0:14:35]} e5 {[%clk 0:07:57]} 31. Bg8 {[%clk 0:06:49]} Nxc2+
{[%clk 0:05:24]} 32. Kd3 {[%clk 0:06:49]} Nxa3 {[%clk 0:05:49]} 33. Bxd5
{[%clk 0:07:10]} b6 {[%clk 0:05:48]} 34. Ne4+ {[%clk 0:05:50]} Kg6
{[%clk 0:05:45]} 35. h5+ {[%clk 0:05:20]} Kh6 {[%clk 0:05:20]} 36. Nf6
{[%clk 0:01:41]} Bb5+ {[%clk 0:03:16]} 37. Ke4 {[%clk 0:01:59]} Nc4
{[%clk 0:03:43]} 38. Ng8+ {[%clk 0:01:25]} Kg5 {[%clk 0:03:13]} 39. h6
{[%clk 0:01:45]} Kg6 {[%clk 0:03:38]} 40. g5 {[%clk 0:31:18]} Nd6+
{[%clk 0:33:13]} 41. Kxe5 {[%clk 0:27:53]} Nf7+ {[%clk 0:33:42]} 42. Bxf7+
{[%clk 0:25:40]} Kxf7 {[%clk 0:34:09]} 43. h7 {[%clk 0:24:55]} Kg7
{[%clk 0:34:37]} 44. g6 {[%clk 0:25:18]} Bd3 {[%clk 0:32:42]} 45. Ne7
{[%clk 0:25:26]} a5 {[%clk 0:32:46]} 46. Nf5+ {[%clk 0:23:21]} Kh8
{[%clk 0:33:09]} 1-0

[Event "imp"]
[Site "?"]
[Date "2015.03.30"]
[Round "7.4"]
[White "Brodowski, Piotr"]
[Black "Dragun, Kamil"]
[Result "0-1"]
[LiveChessVersion "1.4.4"]
[BlackElo "2558"]
[WhiteElo "2435"]

1. c4 {[%clk 1:30:57]} Nf6 {[%clk 1:30:50]} 2. Nc3 {[%clk 1:31:11]} e5
{[%clk 1:30:52]} 3. g3 {[%clk 1:31:26]} Bb4 {[%clk 1:30:53]} 4. Nd5
{[%clk 1:31:06]} Nxd5 {[%clk 1:23:06]} 5. cxd5 {[%clk 1:31:31]} O-O
{[%clk 1:23:30]} 6. Bg2 {[%clk 1:31:35]} d6 {[%clk 1:23:46]} 7. Nf3
{[%clk 1:31:12]} c6 {[%clk 1:20:48]} 8. a3 {[%clk 1:25:51]} Ba5 {[%clk 1:16:31]}
9. dxc6 {[%clk 1:24:46]} Nxc6 {[%clk 1:16:49]} 10. b4 {[%clk 1:23:11]} Bb6
{[%clk 1:17:17]} 11. d3 {[%clk 1:16:13]} d5 {[%clk 1:14:55]} 12. O-O
{[%clk 1:11:04]} e4 {[%clk 0:59:17]} 13. dxe4 {[%clk 0:59:03]} dxe4
{[%clk 0:59:35]} 14. Ng5 {[%clk 0:56:49]} Qf6 {[%clk 0:45:24]} 15. Bf4
{[%clk 0:52:01]} e3 {[%clk 0:45:52]} 16. fxe3 {[%clk 0:52:15]} Bf5
{[%clk 0:46:21]} 17. Kh1 {[%clk 0:42:11]} Rad8 {[%clk 0:45:16]} 18. Qb3
{[%clk 0:42:28]} Qe7 {[%clk 0:39:08]} 19. e4 {[%clk 0:33:01]} Nd4
{[%clk 0:37:47]} 20. Qa2 {[%clk 0:33:10]} Bg4 {[%clk 0:29:37]} 21. e3
{[%clk 0:30:20]} Nc6 {[%clk 0:28:08]} 22. Nf3 {[%clk 0:27:57]} Bxf3
{[%clk 0:26:54]} 23. Bxf3 {[%clk 0:25:41]} g5 {[%clk 0:27:11]} 24. e5
{[%clk 0:11:41]} gxf4 {[%clk 0:27:03]} 25. exf4 {[%clk 0:12:07]} Nd4
{[%clk 0:27:25]} 26. Be4 {[%clk 0:12:24]} Kh8 {[%clk 0:27:45]} 27. Qg2
{[%clk 0:12:33]} f6 {[%clk 0:25:41]} 28. exf6 {[%clk 0:12:24]} Rxf6
{[%clk 0:26:09]} 29. Bxb7 {[%clk 0:11:51]} Nf5 {[%clk 0:26:37]} 30. Bf3
{[%clk 0:09:42]} Ne3 {[%clk 0:20:28]} 31. Rfe1 {[%clk 0:10:04]} Qd7
{[%clk 0:20:40]} 32. Qe2 {[%clk 0:07:25]} Rd6 {[%clk 0:21:02]} 33. Ra2
{[%clk 0:06:35]} Rd3 {[%clk 0:17:40]} 34. Qb2+ {[%clk 0:03:46]} Bd4
{[%clk 0:18:02]} 35. Qb1 {[%clk 0:04:13]} Bc3 {[%clk 0:17:04]} 36. Rg1
{[%clk 0:04:38]} Qh3 {[%clk 0:11:33]} 37. Qb3 {[%clk 0:01:56]} Nf1
{[%clk 0:11:12]} 0-1